Villes par étymologie détournée - Statistiques

Statistiques générales
  • Ce quiz a été pris 159 fois
  • Le résultat moyen est 5 sur 20
Statistiques - réponses
Explication Ville % Correct
Car les gens se pressent tous au PMU dans cette ville Paris
57%
Ville fondée par un oiseau mythologique Phoenix
49%
Les gens là-bas ne sont qu'à moitié copains Miami
47%
Nommée pour sa grande production de cet alcool Rome
44%
À l'époque on y trouvait des gros félins Lyon
42%
Rend hommage à une chanson de Luis Mariano Mexico
36%
Rend hommage à sa couleur ainsi que sa position au bord de mer Bordeaux
33%
Nommée officiellement lors du millénaire de cette grande ville Milan
28%
Une montagne royale surplombe la ville Montréal
28%
Un groupe de musique français y est très populaire. La ville leur est littéralement dédiée Tokyo
26%
Car on y respire de l'air pûr Buenos Aires
24%
Un inspecteur de police célèbre y est vénéré Colombo
24%
Car énomément de lacs espagnols entourent la ville Lagos
18%
On raconte que le fondateur de la ville aimait regarder l'horizon qu'il trouvait magnifique Belo Horizonte
13%
Nommée pour son mode de vie explosif Bombay
13%
Rend hommage à sa fondatrice et son rongeur Amsterdam
12%
"Les Aristochats" a eu énormément de succès là-bas, la ville fut donc nommée en l'honneur de la vieille dame Adélaïde
6%
Selon la légende, cette ville était constituée de diamants. Son nom rend hommage à cette époque Ankara
6%
Car elle est à l'abri du vent Vancouver
3%
Nommée à cause des religieux tibétains malades qui sauvèrent la ville Budapest
2%
Aucun quiz correspondant
Distribution des résultats
% des personnes avec chaque résultat
Percentile par nombre de réponses
Votre historique - résultats
Vous n’avez pas pris ce quiz